| 000 | 00448nam a2200157 i 4500 | ||
|---|---|---|---|
| 001 | 34485 | ||
| 003 | ES-MaACL | ||
| 005 | 20230906154936.0 | ||
| 007 | t| | ||
| 008 | 030207s1970 sp ||||1| spa d | ||
| 100 | 1 |
_aBoneta Senosiain, Jacinto. _930141 |
|
| 245 | 1 | 3 |
_aLa mano derecha de Dios / _cJacinto Boneta Senosiain. |
| 260 |
_a[Bilbao] : _bDesclée de Brouwer, _c[1970] |
||
| 300 |
_a237 p. ; _c19 cm. |
||
| 852 |
_aES-MaACL _jC-50810 _bR.72853 |
||
| 999 |
_c34485 _d34485 |
||